Wahrscheinlichkeitstheorie und mathematische Statistik

Salvato in:
Dettagli Bibliografici
Natura: Libro
Lingua:tedesco
Pubblicazione: Berlin Deutsches Verlag der Wissenschaften 1980
Edizione:2. berichtigte Auflage
Serie:Studienbücherei. Mathematik für Lehrer band 11
Tags: Aggiungi Tag
Nessun Tag, puoi essere il primo ad aggiungerne!!

MARC

LEADER 00000nam a2200000 4500
001 c141242
005 20260326132151.9
041 0 |a ger 
044 |a DE 
245 1 0 |a Wahrscheinlichkeitstheorie und mathematische Statistik  |c Gert Maibaum 
250 |a 2. berichtigte Auflage 
264 1 |a Berlin  |b Deutsches Verlag der Wissenschaften  |c 1980 
300 |a 268 s. 
490 1 |a Studienbücherei. Mathematik für Lehrer  |v band 11 
830 0 |a Studienbücherei. Mathematik für Lehrer  |v band 11